Personnages de Jujutsu Kaisen par images - Statistiques

Statistiques générales
  • Ce quiz a été pris 3 510 fois
  • Le résultat moyen est 15 sur 20
Statistiques - réponses
Par images Réponse % Correct
Yuji Itadori
99%
Megumi Fushiguro
95%
Satoru Gojo
94%
Ryomen Sukuna
91%
Nobara Kugisaki
90%
Panda
90%
Mahito
82%
Maki Zenin
82%
Toji Fushiguro
82%
Suguru Geto
81%
Kento Nanami
80%
Jogo
74%
Aoi Todo
72%
Choso
64%
Mai Zenin
64%
Toge Inumaki
62%
Ultimate Mechamaru
57%
Shoko Ieiri
42%
Kasumi Miwa
35%
Masamichi Yaga
30%
Aucun quiz correspondant
Distribution des résultats
% des personnes avec chaque résultat
Percentile par nombre de réponses
Votre historique - résultats
Vous n’avez pas pris ce quiz